[Event "Third Sat A"]
[Site "Novi Sad SCG"]
[Date "2005.03.23"]
[Round "6"]
[White "Lalic,B"]
[Black "Colovic,A"]
[Result "1/2-1/2"]
[WhiteElo "2520"]
[BlackElo "2404"]

1.d4 d5 2.c4 c6 3.Nf3 Nf6 4.Nc3 e6 5.e3 Nbd7 6.Bd3 dxc4 7.Bxc4 b5 8.Bd3 b4
9.Ne4 Be7 10.Nxf6+ Nxf6 11.e4 Bb7 12.O-O O-O 13.e5 Nd7 14.Be4 Rb8 15.a3 c5
16.Bxb7 Rxb7 17.d5 bxa3 18.Rxa3 exd5 19.Qxd5 Qc7 20.e6 Nb6 21.exf7+ Rxf7
22.Qe4 c4 23.Rc3 Bf6 24.Ng5 Bxg5 25.Bxg5 Qc5 26.Be3 Qf5 27.Qe8+ Rf8 28.Qc6 Qc8
29.Qe4  1/2-1/2

[Event "78th ch-City"]
[Site "St Petersburg RUS"]
[Date "2005.03.23"]
[Round "7"]
[White "Yevseev,D"]
[Black "Vitiugov,N"]
[Result "1-0"]
[WhiteElo "2550"]
[BlackElo "2478"]

1.d4 d5 2.c4 e6 3.Nf3 Nf6 4.Nc3 c6 5.e3 Nbd7 6.Qc2 Bd6 7.Bd3 O-O 8.O-O dxc4
9.Bxc4 a6 10.a4 c5 11.Rd1 cxd4 12.Ne4 Ne5 13.Nxe5 Bxe5 14.f4 Bb8 15.Rxd4 Nd5
16.Ng5 g6 17.Qf2 Ba7 18.Rd1 Bd7 19.Bxd5 exd5 20.Rxd5 Qe7 21.Re5 Qd6 22.Ne4 Qd1+
23.Qf1 Qxf1+ 24.Kxf1 f5 25.Ng5 Rfe8 26.Nf3 Rac8 27.Bd2 Rc2 28.Ke1 Rxe5 29.Nxe5 Be6
30.b4 Bd5 31.g3 Bb6 32.Ra3 Be4 33.Nd7 Rc6 34.b5 Rd6 35.Ne5 axb5 36.axb5 Rd8
37.Ke2 Bc5 38.Ra4 Bd6 39.Rd4 Bc7 40.Nd7 Kf7 41.b6 Bb8 42.Bb4 Rc8 43.Nc5 Bh1
44.Nxb7 Rc2+ 45.Kd1 Rxh2 46.Rd7+  1-0

[Event "Open"]
[Site "Coventry ENG"]
[Date "2005.03.24"]
[Round "1"]
[White "Greenfeld,A"]
[Black "Shaw,D"]
[Result "1-0"]
[WhiteElo "2549"]
[BlackElo "2197"]

1.Nf3 d5 2.d4 Nf6 3.c4 e6 4.Nc3 c6 5.e3 Bd6 6.Bd3 Nbd7 7.O-O O-O 8.e4 dxe4
9.Nxe4 Nxe4 10.Bxe4 f5 11.Bc2 e5 12.Bg5 Be7 13.Bxe7 Qxe7 14.Nxe5 Nxe5 15.Re1 Qb4
16.Rxe5 Qxb2 17.Rb1 Qa3 18.c5 Qa5 19.Re7 Qd8 20.Qe1 Qxd4 21.Rd1 Qxc5 22.Bb3+ Kh8
23.Re5 Qa3 24.Re8  1-0

[Event "ch-Privolzhsky Region"]
[Site "Ishevsk RUS"]
[Date "2005.03.24"]
[Round "9"]
[White "Skatchkov,P"]
[Black "Filipenko,A"]
[Result "0-1"]
[WhiteElo "2483"]
[BlackElo "2388"]

1.d4 d5 2.Nf3 Nf6 3.c4 c6 4.Nc3 e6 5.e3 Nbd7 6.Bd3 dxc4 7.Bxc4 b5 8.Bd3 Bb7
9.e4 b4 10.Na4 c5 11.e5 Nd5 12.O-O cxd4 13.Nxd4 Nxe5 14.Bb5+ Nd7 15.Re1 Rc8
16.Qg4 Nf6 17.Qe2 Bd5 18.Bg5 Be7 19.Rad1 O-O 20.Nf5 h6 21.Nxe7+ Qxe7 22.Rxd5 hxg5
23.Rxg5 Nc5 24.Qe3 Nce4 25.Re5 Nd6 26.h3 Rfd8 27.Qb3 Nxb5 28.Rxb5 Rd4 29.Qg3 Qd7
30.Rb8 Rc4 31.Rxc8+ Rxc8 32.Qb3 Qd2 33.Qd1 Qxd1 34.Rxd1 Nd5 35.Rd3 Rc1+ 36.Kh2 f5
37.a3 a5 38.axb4 axb4 39.g3 Kf7 40.Kg2 Rc4 41.Rb3 g5 42.Kf1 Rc1+ 43.Ke2 Rh1
44.Nc5 Rxh3 45.Nd3 Rh8 46.g4 Rb8 47.Ne5+ Kg7 48.gxf5 exf5 49.Kd1 Re8 50.Nc6 Re6
51.Nd4 Rf6 52.Ke1 Kg6 53.Rd3 Nf4 54.Rb3 Rd6 55.Nc2 Nd3+ 56.Kf1 Nxf2 57.Rxb4 Nd3
58.Rb8 f4 59.b4 Rc6 60.Nd4 Rc4 61.Rg8+ Kf7 62.Rd8 Ke7 63.Nc6+ Rxc6 64.Rxd3 Rc1+
65.Kf2 Rb1 66.Rd5 Kf6 67.Kf3 Kg6 68.Rb5 Kh5 69.Rb8 Rb3+ 70.Ke2 Kg4 71.b5 f3+
72.Kf2 Rb2+ 73.Ke3 Kg3 74.b6 g4 75.b7 Rb3+ 76.Kd2 Kf2 77.Rg8 g3 78.b8=B Rxb8
79.Rxb8 g2 80.Rg8 g1=Q 81.Rxg1 Kxg1 82.Kc2 f2  0-1

[Event "ch-Privolzhsky Region"]
[Site "Ishevsk RUS"]
[Date "2005.03.24"]
[Round "9"]
[White "Belenov,D"]
[Black "Fayzrakhmanov,R"]
[Result "0-1"]
[WhiteElo "2364"]
[BlackElo "2283"]

1.d4 d5 2.Nf3 c6 3.c4 Nf6 4.Nc3 e6 5.e3 Nbd7 6.Qc2 Bd6 7.g4 dxc4 8.Bxc4 b6
9.g5 Nd5 10.e4 Nxc3 11.bxc3 Bb7 12.Be3 Qc7 13.O-O-O O-O-O 14.Bb3 c5 15.h4 a6
16.Nd2 b5 17.c4 Kb8 18.d5 exd5 19.exd5 Nb6 20.Kb1 bxc4 21.Nxc4 Nxd5 22.Rxd5 Bxd5
23.Rd1 Bf4 24.Rxd5 Rxd5 25.Qe4 Bxe3 26.Qxd5 Bxf2 27.Ne5 Rc8 28.Nd7+ Ka7 29.Qxf7 Bd4
30.Bc4 Qb7+ 31.Kc2 Rc7 32.Be6 Qe4+ 33.Kd2 Rb7  0-1

[Event "Caissa IM March"]
[Site "Kecskemet HUN"]
[Date "2005.03.24"]
[Round "5"]
[White "Sutorikhin,V"]
[Black "Donko,M"]
[Result "1-0"]
[WhiteElo "2364"]
[BlackElo "2037"]

1.d4 d5 2.c4 c6 3.Nc3 Nf6 4.e3 e6 5.Nf3 Nbd7 6.Qc2 a6 7.a4 g6 8.b3 Bd6 9.Be2 O-O
10.O-O Re8 11.Rd1 Qe7 12.Bb2 b6 13.e4 dxe4 14.Nxe4 Nxe4 15.Qxe4 Bb7 16.c5 Bc7
17.cxb6 Nxb6 18.Ne5 Rab8 19.Ba3 Bd6 20.Bxd6 Qxd6 21.Rac1 Nd5 22.Rc5 Red8
23.h4 f6 24.Nc4 Qe7 25.Na5 Bc8 26.Nxc6 Qd6 27.Nxd8 Qxd8 28.Rdc1 Bd7 29.Bc4  1-0

[Event "Norwegian Open"]
[Site "Oslo NOR"]
[Date "2005.03.24"]
[Round "6"]
[White "Bjerke,S"]
[Black "Adnoy,H"]
[Result "0-1"]
[WhiteElo "2120"]
[BlackElo "2222"]

1.d4 Nf6 2.c4 e6 3.Nc3 d5 4.Nf3 c6 5.e3 Nbd7 6.Bd3 dxc4 7.Bxc4 b5 8.Bd3 a6
9.e4 c5 10.d5 c4 11.Bc2 e5 12.O-O Qc7 13.Bg5 h6 14.Bh4 Bc5 15.Bg3 O-O 16.Nh4 g6
17.Kh1 Nh5 18.Ne2 Nxg3+ 19.Nxg3 Nf6 20.Qd2 Kg7 21.f4 Bd6 22.f5 Bd7 23.Rae1 a5
24.a3 b4 25.a4 b3 26.Re3 bxc2 27.fxg6 fxg6 28.Ngf5+ gxf5 29.Rg3+ Kh7 30.Rxf5 Ng8
31.Rxg8 Rxg8 32.Rf6 Rg5 33.Nf3 Rg6 34.Rf7+ Kg8 35.Nxe5 Bxe5 36.Re7 Rf8  0-1

[Event "ch-RUS w 1st League"]
[Site "Samara RUS"]
[Date "2005.03.24"]
[Round "2"]
[White "Semenova,In"]
[Black "Tomilova,E"]
[Result "0-1"]
[WhiteElo "2084"]
[BlackElo "2263"]

1.d4 d5 2.c4 c6 3.Nc3 Nf6 4.Nf3 e6 5.e3 Nbd7 6.Bd3 dxc4 7.Bxc4 b5 8.Bd3 Bb7
9.e4 b4 10.Na4 c5 11.e5 Nd5 12.O-O cxd4 13.Nxd4 Nxe5 14.Nxe6 fxe6 15.Qh5+ Nf7
16.Bb5+ Ke7 17.Be3 Nf6 18.Bc5+ Nd6 19.Qe5 Kf7 20.Rad1 Bd5 21.Be2 Nf5 22.Bf3 Bxc5
23.Nxc5 Qd6 24.Qxd6 Nxd6 25.Nxe6 Bxf3 26.Ng5+ Kg6 27.Nxf3 Nf7 28.Rd4 a5 29.Nh4+ Kh5
30.g3 g5 31.Nf5 Rhd8 32.Rfd1 Rxd4 33.Rxd4 Rd8 34.Rc4 Ne5 35.Rc5 Rd5 36.g4+ Nexg4
37.Ng3+ Kg6 38.Rc6 Ne5 39.Ra6 g4 40.Ne4 Nd7 41.Kg2 Kf7 42.Nd6+ Kg7 43.Nc4 Ne5
44.Nxa5 Rd2 45.Re6 Nd3 46.Nc4 Rxf2+ 47.Kg1 Rc2 48.b3 Rc1+  0-1

[Event "XXVIII Open"]
[Site "San Sebastian ESP"]
[Date "2005.03.24"]
[Round "7"]
[White "Acosta Garcia,A"]
[Black "Gonzalez de la Torre,S"]
[Result "1/2-1/2"]
[WhiteElo "2256"]
[BlackElo "2384"]

1.d4 d5 2.c4 c6 3.Nf3 Nf6 4.Nc3 e6 5.e3 Nbd7 6.Qc2 Bd6 7.Be2 O-O 8.O-O dxc4
9.Bxc4 a6 10.Rd1 b5 11.Be2 Qc7 12.Ne4 Nxe4 13.Qxe4 Be7 14.Bd2 Bb7 15.Qc2 c5
16.dxc5 Qxc5 17.Qxc5 Nxc5  1/2-1/2

[Event "78th ch-City"]
[Site "St Petersburg RUS"]
[Date "2005.03.24"]
[Round "8"]
[White "Klimov,S"]
[Black "Yevseev,D"]
[Result "0-1"]
[WhiteElo "2509"]
[BlackElo "2550"]

1.d4 d5 2.c4 e6 3.Nc3 c6 4.e3 Nf6 5.Nf3 Nbd7 6.Bd3 dxc4 7.Bxc4 b5 8.Bd3 Bb7
9.O-O a6 10.e4 c5 11.d5 Qc7 12.dxe6 fxe6 13.Bc2 c4 14.Nd4 Nc5 15.Be3 e5 16.Nf5 Ncxe4
17.Nxe4 Nxe4 18.Re1 g6 19.Nh6 Nf6 20.Bf4 Bd6 21.Bxe5 O-O-O 22.Bxd6 Rxd6 23.Qc1 Rf8
24.h3 Qc5 25.Rb1 Nd5 26.Ng4 h5 27.Qh6 Rdd8 28.Ne3 Nf4 29.Rf1 Qe5 30.Bxg6 Rh8
31.Bf5+ Kc7 32.Bh7 Rd7  0-1

[Event "7th Foxwoods Open"]
[Site "Connecticut USA"]
[Date "2005.03.25"]
[Round "5"]
[White "Quan Zhe"]
[Black "Shabalov,A"]
[Result "0-1"]
[WhiteElo "2397"]
[BlackElo "2607"]

1.d4 d5 2.c4 c6 3.Nc3 Nf6 4.e3 e6 5.Nf3 Nbd7 6.Qc2 Bd6 7.b3 O-O 8.Be2 Re8
9.O-O dxc4 10.bxc4 e5 11.Rd1 Qe7 12.a4 e4 13.Nd2 Nf8 14.Nf1 h5 15.Qb3 Ng4
16.h3 Nxf2 17.Kxf2 Bxh3 18.Ba3 Qf6+ 19.Ke1 Bxg2 20.Bxd6 Qxd6 21.Kd2 h4 22.Rdb1 Rad8
23.Qd1 h3 24.Qe1 h2 25.Ng3 Qf6 26.Kc2 Ne6 27.Nh5 Qh6 28.Qf2 Bf3 29.Ng3 f5
30.Bxf3 exf3 31.Qxf3 f4 32.Nf5 Qg6 33.e4 Qxf5 34.Qf2 Qg6 35.Qxh2 Nxd4+ 36.Kb2 Nf3
37.Qxf4 Rf8 38.Qe3 Nd2 39.Qe2 Nxb1 40.Rxb1 Qg3 41.Qh5 Rd2+ 42.Kb3 Rd3 43.Rc1 Qe3
44.Rc2 Qb6+ 45.Ka2 Qb4 46.Qe5 Qxc4+ 47.Kb2 Qb4+ 48.Ka2 Qd6 49.Qh5 Rd2 50.Rxd2 Qxd2+
51.Kb3 Qd7 52.Qh2 Rf3 53.Kb2 Qh3 54.Qb8+ Kh7 55.Nd1 Qg2+ 56.Kc1 Qg5+ 57.Kb1 Qd2
58.Nb2 Rb3  0-1

[Event "Norwegian Open"]
[Site "Oslo NOR"]
[Date "2005.03.25"]
[Round "7"]
[White "Becker,Mart"]
[Black "Bjerke,S"]
[Result "1-0"]
[WhiteElo "2251"]
[BlackElo "2120"]

1.d4 d5 2.c4 e6 3.Nc3 c6 4.e3 Nf6 5.Nf3 Nbd7 6.Qc2 Bd6 7.g4 Bb4 8.Bd2 b6
9.cxd5 Bxc3 10.Qxc3 cxd5 11.Qc6 Rb8 12.Bb4 Ne4 13.Rc1 Bb7 14.Qa4 a5 15.Ba3 Rc8
16.Rc2 f6 17.Bb5 Rxc2 18.Qxc2 Kf7 19.Ke2 Qc8 20.Rc1 Qxc2+ 21.Rxc2 Rc8 22.Ne1 Rxc2+
23.Nxc2 Ke8 24.h4 g5 25.f3 Ng3+ 26.Kf2 gxh4 27.Bd6 h5 28.Bxg3 hxg3+ 29.Kxg3 hxg4
30.Kxg4 Ke7 31.Bxd7 Kxd7 32.Kh5 Ba6 33.Ne1 Be2 34.Kg6 Ke7 35.f4 Bg4 36.Ng2 Bf5+
37.Kg7 Bb1 38.a3 e5 39.Nh4 exd4 40.exd4 Ke6 41.Kf8 Bc2 42.Ke8 Bd3 43.Kd8 Kd6
44.Ng2 Bc2 45.Ne3 Bd3 46.Ke8 Ke6 47.Kf8 Bb1 48.Kg7 Be4 49.Kf8 Bb1 50.Ke8 Bd3
51.Kd8 Kd6 52.b3 Bg6 53.Kc8 Kc6 54.Kd8 Kd6 55.Nf1 Bc2 56.b4 axb4 57.axb4 Bg6
58.Ng3 Bd3 59.Nh5 Ke6 60.Kc7 b5 61.Ng3 Bc2 62.Kc6 Bd3 63.Kc5 Bc4 64.f5+ Ke7
65.Kc6 Kf7 66.Kd6 Bb3 67.Nf1 Bc2 68.Ne3 Be4 69.Kc5 Ke7 70.Nxd5+ Kd8 71.Ne3 Bd3
72.Kd6 Be4 73.Ke6 Kc7 74.d5 Bd3 75.d6+ Kd8 76.Kxf6 Bc4 77.Ke5 Bf7 78.Nd5 Kd7
79.Nf6+ Kd8 80.Ne4 Kd7 81.Nc5+ Kd8 82.Kf6 Bc4 83.Kg7 Ke8 84.f6 Bd5 85.d7+ Kd8
86.f7 Bxf7 87.Kxf7 Kc7 88.Ke7 Kc6 89.Nb3  1-0

[Event "XXVIII Open"]
[Site "San Sebastian ESP"]
[Date "2005.03.25"]
[Round "8"]
[White "Pomes Marcet,J"]
[Black "Torres,P"]
[Result "1-0"]
[WhiteElo "2374"]
[BlackElo "2068"]

1.d4 d5 2.c4 c6 3.Nf3 Nf6 4.Nc3 e6 5.e3 Nbd7 6.Qc2 Bd6 7.Be2 O-O 8.O-O Qe7
9.Rd1 b6 10.e4 Nxe4 11.Nxe4 dxe4 12.Qxe4 Bb7 13.Bf4 Bxf4 14.Qxf4 Rac8 15.c5 Rfd8
16.b4 Nb8 17.Bd3 Ba6 18.Bc2 Nd7 19.Re1 Bc4 20.Re3 Bd5 21.Rae1 Qf6 22.Qg4 g6
23.h4 Kg7 24.h5 Qe7 25.Ng5 Nf6 26.Qh4 Re8 27.g4 Ng8 28.hxg6 fxg6 29.Rh3  1-0

[Event "Spring Open"]
[Site "Belgrade SCG"]
[Date "2005.03.26"]
[Round "2"]
[White "Bantic,M"]
[Black "Stamenkovic,A"]
[Result "0-1"]
[WhiteElo "2119"]
[BlackElo "2272"]

1.d4 d5 2.c4 c6 3.Nf3 Nf6 4.Nc3 e6 5.e3 Nbd7 6.b3 Bd6 7.Bb2 O-O 8.Be2 Re8
9.O-O Qe7 10.Qc2 b6 11.e4 dxe4 12.Nxe4 Nxe4 13.Qxe4 Bb7 14.Bd3 f5 15.Qe3 c5
16.Rae1 cxd4 17.Nxd4 Qh4 18.h3 Bc5 19.Nf3 Qh5 20.Qg5 Qxg5 21.Nxg5 Nf8 22.h4 Rad8
23.Bb1 h6 24.Nh3 Kf7 25.Nf4 g5 26.Nd3 Bd4 27.Bc1 Kf6 28.Rd1 e5 29.hxg5+ hxg5
30.Be3 Ne6 31.Nb4 Nf4 32.Bxf4 gxf4 33.Nd5+ Bxd5 34.cxd5 Rxd5 35.Rfe1 Red8
36.Rc1 Bb2 37.Rc6+ Kg5 38.Bc2 Rd2  0-1

[Event "43rd Doeberl Cup"]
[Site "Canberra AUS"]
[Date "2005.03.26"]
[Round "4"]
[White "Reilly,T"]
[Black "Bjelobrk,I"]
[Result "0-1"]
[WhiteElo "2302"]
[BlackElo "2377"]

1.d4 d5 2.c4 c6 3.Nc3 Nf6 4.e3 e6 5.Nf3 a6 6.Qc2 c5 7.a3 cxd4 8.exd4 dxc4
9.Bxc4 Nc6 10.Be3 Be7 11.Rd1 O-O 12.O-O b5 13.Ba2 Bb7 14.Bb1 g6 15.Bh6 Re8
16.Rfe1 Qd6 17.h3 Rad8 18.Qe2 Na5 19.Ne5 Rc8 20.Bf4 Nd5 21.Nxd5 Qxd5 22.f3 Qd8
23.Ng4 Nc4 24.Be5 Bd5 25.Be4 h5 26.Nf2 Bg5 27.f4 Bh4 28.Rf1 Nd6 29.Bd3 Nf5
30.g4 Ng3 31.Qe3 Bb7 32.Rfe1 Qd5 33.Be4 Nxe4 34.Nxe4 f5  0-1

[Event "43rd Doeberl Cup"]
[Site "Canberra AUS"]
[Date "2005.03.26"]
[Round "4"]
[White "Suttor,V"]
[Black "Rej,T"]
[Result "1/2-1/2"]
[WhiteElo "2044"]
[BlackElo "2248"]

1.d4 d5 2.c4 c6 3.Nf3 e6 4.e3 Nf6 5.Nc3 Nbd7 6.Bd3 dxc4 7.Bxc4 b5 8.Bd3 Bb7
9.O-O a6 10.e4 c5 11.d5 Qc7 12.dxe6 fxe6 13.Ng5 Qc6 14.Qe2 c4 15.Bc2 Bc5
16.Re1 O-O 17.h3 h6 18.Nf3 Nh5 19.Be3 Nf4 20.Bxf4 Rxf4 21.e5 Raf8 22.Be4 Qb6
23.Bxb7 Qxb7 24.Ne4 Bb6 25.Nd6 Qc6 26.Rad1 Nc5 27.Rf1 Nd3 28.Rxd3 cxd3 29.Qxd3 Bc5
30.a3 Qd5 31.Rd1 Qa8 32.Rd2 Qd8 33.Qg6  1/2-1/2

[Event "7th Foxwoods Open"]
[Site "Connecticut USA"]
[Date "2005.03.26"]
[Round "7"]
[White "Ippolito,D"]
[Black "Onyekwere,C"]
[Result "1-0"]
[WhiteElo "2390"]
[BlackElo "2075"]

1.d4 d5 2.c4 c6 3.Nc3 Nf6 4.e3 e6 5.Nf3 Nbd7 6.Bd3 dxc4 7.Bxc4 b5 8.Bd3 a6
9.a4 b4 10.Ne4 c5 11.O-O Bb7 12.Ned2 Be7 13.a5 O-O 14.Qe2 Qc7 15.Rd1 Rfd8
16.h3 h6 17.Nc4 Be4 18.Nfe5 Qb7 19.Bxe4 Qxe4 20.Nxd7 Nxd7 21.b3 cxd4 22.Rxd4 Qb7
23.Bb2 Qb5 24.Qf3 Rab8 25.Rg4 Nf6 26.Bxf6 Bxf6 27.Qxf6  1-0

[Event "Open"]
[Site "Coventry ENG"]
[Date "2005.03.26"]
[Round "5"]
[White "Mansson,J"]
[Black "Ashton,A"]
[Result "1/2-1/2"]
[WhiteElo "2093"]
[BlackElo "2299"]

1.d4 d5 2.c4 e6 3.Nc3 c6 4.e3 Nf6 5.Nf3 Nbd7 6.Qc2 Bd6 7.b3 O-O 8.Be2 Re8
9.O-O e5 10.cxd5 cxd5 11.Nb5 Bb8 12.dxe5 Nxe5 13.Nxe5 Bxe5 14.Bb2 Bxb2 15.Qxb2 a6
16.Nd4 Be6 17.Rfd1 Qe7 18.Bf3 Rad8 19.Rac1 Bg4 20.h3 Bxf3 21.Nxf3 Ne4 22.Rc2 b5
23.Nd4 Qf6 24.Rc6 Rd6 25.Rdc1 Red8 26.Rxd6 Rxd6 27.Rc8+ Rd8 28.Qc2 h6 29.f3 Ng5
30.Qc7 Rxc8 31.Qxc8+ Kh7 32.Qf5+ Qxf5 33.Nxf5 Ne6 34.Kf2 g6 35.Ne7 Nc7 36.Ke2 Kg7
37.Kd3 Kf6 38.Nc6 Ke6 39.Nd8+ Ke7 40.Nb7 Ne6 41.b4 Kd7 42.h4 Kc7 43.Na5 d4
44.Nb3  1/2-1/2

[Event "Dos Hermanas Internet KO"]
[Site "ICC INT"]
[Date "2005.03.26"]
[Round "1.1"]
[White "Agamaliev,G"]
[Black "Godena,M"]
[Result "1-0"]
[WhiteElo "2516"]
[BlackElo "2544"]

1.d4 d5 2.c4 e6 3.Nc3 c6 4.Nf3 Nf6 5.e3 a6 6.Bd3 Nbd7 7.O-O dxc4 8.Bxc4 b5
9.Bd3 c5 10.Qe2 Bb7 11.Rd1 Qb8 12.a3 Bd6 13.h3 O-O 14.Ng5 cxd4 15.exd4 Bh2+
16.Kh1 Bf4 17.Nge4 Rd8 18.Bxf4 Qxf4 19.Qe3 Qh4 20.Rac1 Rac8 21.Kg1 Nxe4 22.Nxe4 Bxe4
23.Rxc8 Rxc8 24.Bxe4 Nb6 25.Qf3 Qe7 26.Bb7 Rc2 27.Bxa6 Rxb2 28.Qc6 Nd5 29.Bxb5 Qxa3
30.Bc4 Nf6 31.Qc8+ Qf8 32.Qc6 g6 33.Ra1 Kg7 34.d5 exd5 35.Bxd5 Qb4 36.Bf3 Qd4
37.Rf1 h5 38.g3 h4 39.g4 Nh7 40.Qe4 Ng5 41.Qxd4+  1-0

[Event "Third Sat A"]
[Site "Novi Sad SCG"]
[Date "2005.03.26"]
[Round "10"]
[White "Mihalj,M"]
[Black "Kosic,D"]
[Result "0-1"]
[WhiteElo "2287"]
[BlackElo "2521"]

1.d4 d5 2.c4 e6 3.Nc3 c6 4.Nf3 Nf6 5.e3 Nbd7 6.Qc2 b6 7.cxd5 exd5 8.Bd3 Bb7
9.O-O Be7 10.e4 dxe4 11.Nxe4 O-O 12.Ne5 Rc8 13.Nxd7 Nxd7 14.Ng3 g6 15.Bh6 Re8
16.f4 Nf6 17.f5 Qxd4+ 18.Kh1 Qh4 19.fxg6 hxg6 20.Bxg6 Qxh6 21.Bxf7+ Kxf7
22.Qc4+ Kf8 23.Nf5 Qg5 24.Nd4 Qd5 25.Ne6+ Kf7 26.Ng5+ Kg6 27.Qc2+ Kxg5 28.Rad1 Qe4
29.Qc1+ Kg6 30.Rf4 Qe2 31.Re1 Qh5 32.Qc2+ Kg7 33.Qc3 c5 34.Rxe7+ Rxe7 35.Qxf6+ Kg8  0-1

[Event "XXVIII Open"]
[Site "San Sebastian ESP"]
[Date "2005.03.26"]
[Round "9"]
[White "Pogorelov,R"]
[Black "Cifuentes Parada,R"]
[Result "1/2-1/2"]
[WhiteElo "2472"]
[BlackElo "2521"]

1.Nf3 d5 2.d4 Nf6 3.c4 c6 4.Nc3 e6 5.e3 Nbd7 6.Qc2 Bd6 7.Bd3 O-O 8.O-O dxc4
9.Bxc4 b5 10.Bd3 Bb7 11.a3 Qe7 12.Rb1 Rfc8 13.Qe2 a5 14.e4 e5 15.dxe5 Bxe5
16.Re1 Re8 17.Nxe5 Nxe5 18.b4 axb4 19.axb4 Nxd3 20.Qxd3 Rad8 21.Qc2 Nd5 22.Nxd5 cxd5
23.e5 d4 24.Bd2 Qe6 25.Qd3 Qd5 26.f3 Rxe5 27.Rxe5 Qxe5 28.Rc1 Rc8 29.Rxc8+ Bxc8
30.Bc3  1/2-1/2

[Event "7th Foxwoods Open"]
[Site "Connecticut USA"]
[Date "2005.03.27"]
[Round "8"]
[White "Ibragimov,I"]
[Black "Ehlvest,J"]
[Result "1-0"]
[WhiteElo "2603"]
[BlackElo "2622"]

1.d4 Nf6 2.c4 c6 3.Nc3 d5 4.e3 e6 5.Nf3 Nbd7 6.Bd2 Bd6 7.Bd3 O-O 8.O-O dxc4
9.Bxc4 a6 10.a4 c5 11.Qb3 cxd4 12.exd4 Qb6 13.Qa2 Qc7 14.Rac1 Qb8 15.Qb3 b6
16.d5 Nc5 17.Qc2 e5 18.Ng5 h6 19.b4 Nxa4 20.Nge4 Nxe4 21.Nxe4 b5 22.Bb3 Bd7
23.Bxh6 Bxb4 24.Qd3 Qb6 25.Rc6  1-0

[Event "ch-EU"]
[Site "Cork IRL"]
[Date "2005.03.27"]
[Round "6"]
[White "Palliser,R"]
[Black "Thompson,I"]
[Result "1-0"]
[WhiteElo "2402"]
[BlackElo "2256"]

1.d4 d5 2.c4 e6 3.Nc3 c6 4.e3 Nf6 5.Nf3 Nbd7 6.Bd3 dxc4 7.Bxc4 b5 8.Be2 Bd6
9.e4 e5 10.dxe5 Nxe5 11.Nxe5 Bxe5 12.Qxd8+ Kxd8 13.f3 Ke7 14.Be3 Rd8 15.Kf2 Bd4
16.Bxd4 Rxd4 17.Ke3 Rd8 18.Rhc1 Be6 19.Nd1 Rdc8 20.Nf2 Nd7 21.a4 b4 22.Ba6 Rc7
23.Nd3 Rb8 24.Nc5 Kd6 25.Nxe6 Kxe6 26.f4 f6 27.b3 Ke7 28.Ra2 Rb6 29.Be2 a5
30.Rac2 c5 31.Rd2 Rd6 32.Rxd6 Kxd6 33.Rd1+ Ke7 34.Rd5 Nb6 35.Rh5 h6 36.Bb5 Nc8
37.Kd3 Nb6 38.h4 Rc8 39.g4 Kf7 40.e5 Rd8+ 41.Ke3 fxe5 42.Rxe5 Rc8 43.h5 c4
44.Bxc4+ Nxc4+ 45.bxc4 Rxc4 46.Rxa5 b3 47.Ra7+ Kf6 48.Ra6+ Kf7 49.Rb6 Rxa4
50.Rxb3 Kf6 51.Rb6+ Kf7 52.Rd6 Rb4 53.Rd4 Rb6 54.Rd7+ Kf6 55.Ke4 Re6+ 56.Kf3 Ra6
57.Rd4 Rb6 58.Rd5 Ra6 59.Ke4 Ra4+ 60.Rd4 Ra6 61.Kd5 Ra5+ 62.Kd6 Ra1 63.Rd5 Ra6+
64.Kd7 Ra7+ 65.Ke8 Ra8+ 66.Rd8 Ra6 67.Kf8 g6 68.hxg6 Kxg6 69.Ke7 Ra7+ 70.Ke6 Ra6+
71.Rd6 Ra7 72.Ke5+ Kg7 73.f5 Ra5+ 74.Ke6 Ra1 75.Rd7+ Kg8 76.Rd8+ Kh7 77.Rd4 Kg8
78.f6 Rg1 79.Rd8+ Kh7 80.Rd7+ Kg8 81.Rg7+ Kh8 82.Kf7 Rg3 83.Rg8+ Kh7 84.Rg7+ Kh8
85.g5 hxg5 86.Kg6  1-0

[Event "Open"]
[Site "Coventry ENG"]
[Date "2005.03.27"]
[Round "6"]
[White "Stone,A"]
[Black "Mansson,J"]
[Result "1-0"]
[WhiteElo "2254"]
[BlackElo "2093"]

1.d4 Nf6 2.c4 e6 3.Nf3 d5 4.Nc3 c6 5.e3 Nbd7 6.Qc2 Bd6 7.g4 Nxg4 8.Rg1 f5
9.cxd5 cxd5 10.h3 Ngf6 11.Rxg7 a6 12.Bd2 Ne4 13.Rg2 Rb8 14.O-O-O b5 15.Kb1 Bb7
16.Be2 b4 17.Nxe4 fxe4 18.Ng5 Ke7 19.Bh5 Rg8 20.Rdg1 Rg7 21.Qd1 Qg8 22.Bf7 Qh8
23.Qg4 Nf8 24.Qh4 Kd7 25.Qh6 Ke7 26.Bh5 Bc8 27.Nf7 Rxf7 28.Bxf7 Kxf7 29.Rg7+ Qxg7
30.Rxg7+ Ke8 31.Qf6 Rb7 32.Rxb7 Bxb7 33.Qg7 Bc8 34.Qa7 Nd7 35.Qa8 Kd8 36.Qc6 Be7
37.Qxe6 Bb7 38.Qg8+ Nf8 39.Qg3 Kc8 40.Qe5 Ng6 41.Qg7  1-0

[Event "Dos Hermanas Internet KO"]
[Site "ICC INT"]
[Date "2005.03.27"]
[Round "3.3"]
[White "Milanovic,Da"]
[Black "Fridman,D2"]
[Result "0-1"]
[WhiteElo "2447"]
[BlackElo "2569"]

1.d4 d5 2.c4 c6 3.Nf3 Nf6 4.Nc3 e6 5.e3 a6 6.a4 a5 7.Bd3 Na6 8.O-O Nb4 9.Be2 Be7
10.b3 O-O 11.Bb2 b6 12.Qb1 Bb7 13.e4 dxe4 14.Nxe4 c5 15.Nxf6+ Bxf6 16.Rd1 Qe7
17.Bc3 Rad8 18.Qb2 Bxf3 19.Bxf3 Bxd4 20.Bxd4 Rxd4 21.Rxd4 cxd4 22.Rd1 e5
23.Qe2 Rd8 24.Be4 g6 25.g4 Qg5 26.Kh1 Qf4 27.h3 Kh8 28.Rg1 d3 29.Qe3 Qxe3
30.fxe3 f5 31.gxf5 gxf5 32.Bxf5 d2 33.Kg2 d1=Q  0-1

[Event "Dos Hermanas Internet KO"]
[Site "ICC INT"]
[Date "2005.03.27"]
[Round "3.1"]
[White "Milanovic,Da"]
[Black "Fridman,D2"]
[Result "0-1"]
[WhiteElo "2447"]
[BlackElo "2569"]

1.d4 d5 2.c4 c6 3.Nf3 Nf6 4.Nc3 e6 5.e3 Nbd7 6.Qc2 Bd6 7.g4 Bb4 8.Rg1 Qe7
9.Bd2 dxc4 10.Bxc4 b5 11.Be2 Bb7 12.g5 Nd5 13.Nxd5 exd5 14.O-O-O Bd6 15.Bd3 Rc8
16.Kb1 a6 17.e4 c5 18.e5 Bb8 19.Bf5 g6 20.Bxd7+ Qxd7 21.h4 Ba7 22.Qd3 c4
23.Qe3 Qf5+ 24.Ka1 Qe4 25.Ba5 Qxe3 26.fxe3 Rc6 27.Nh2 Bc8 28.Ng4 Bxg4 29.Rxg4 Bb6
30.Bxb6 Rxb6 31.e4 dxe4 32.d5 h6 33.gxh6 Rxh6 34.Rxe4 Rh5 35.Kb1 Rb7 36.Kc2 Re7
37.Rde1 Kd7 38.Kc3 Rf5 39.Kd4 Re8 40.R1e2 Rf3 41.R2e3 Rf2 42.Re2 Rf3 43.Kc5 Rd3
44.e6+ fxe6 45.Rxe6 Rc8+ 46.Rc6 Rxd5+ 47.Kxd5 Rxc6 48.Re5 b4 49.Re2 a5 50.Rc2 c3
51.bxc3 Rxc3 52.Rg2 Ra3 53.Kc5 Ke7 54.Kb5 Kf6 55.Kc4 Rh3 56.Kb5 Ra3 57.Kc4 Rf3
58.Kb5 Rf5+ 59.Ka4 Kg7 60.Rg1 Kh6 61.Rh1 Kh5 62.Rh2 Re5 63.Rg2 Rf5 64.Rh2 Rf4
65.Rh1 Rxh4 66.Rf1 Rh2 67.Kxa5 Rxa2+ 68.Kxb4 Rc2 69.Kb3 Rc8 70.Rh1+ Kg5 71.Rg1+ Kf6
72.Rf1+ Kg7 73.Rg1 Rc5 74.Kb4 Re5 75.Kc4 g5 76.Kd4 Kf6 77.Rf1+ Rf5 78.Rg1 Rf3
79.Ke4 Ra3 80.Rf1+ Kg6 81.Rg1 Kh5 82.Rh1+ Kg4 83.Rg1+ Kh4 84.Rh1+ Kg4 85.Rg1+ Rg3
86.Rh1 Rg2 87.Ke3 Kg3 88.Rh8 g4 89.Rg8 Ra2 90.Rg7 Kh3 91.Rh7+ Kg2 92.Rg7 g3
93.Kf4 Kf2 94.Ke4 Ra4+  0-1

[Event "Dos Hermanas Internet KO"]
[Site "ICC INT"]
[Date "2005.03.27"]
[Round "4.2"]
[White "Fridman,D2"]
[Black "Smeets,J"]
[Result "1-0"]
[WhiteElo "2569"]
[BlackElo "2475"]

1.d4 d5 2.Nf3 c6 3.c4 Nf6 4.e3 e6 5.Nc3 Nbd7 6.Qc2 Bd6 7.b3 O-O 8.Be2 Qe7
9.O-O e5 10.cxd5 e4 11.Nd2 cxd5 12.Nb5 Bb4 13.a3 Ba5 14.Bb2 a6 15.Nc7 Ra7
16.b4 Bb6 17.Rfc1 Rd8 18.a4 a5 19.Nb5 Ra8 20.bxa5 Bxa5 21.Ba3 Bb4 22.Qb3 Bxa3
23.Qxa3 Qxa3 24.Rxa3 Nb8 25.f3 exf3 26.Bxf3 Nc6 27.Rc5 Be6 28.Nc3 Kf8 29.a5 Ra7
30.Nb3 Ke7 31.Rb5 g5 32.g3 h5 33.Nc5 Bc8 34.Kf2 h4 35.gxh4 gxh4 36.Nd3 Be6
37.Nf4 Rda8 38.Ncxd5+ Nxd5 39.Nxd5+ Bxd5 40.Bxd5 Nxa5 41.Kf3 Ra6 42.Bxb7 Nxb7
43.Rxb7+ Kf6 44.Rxa6+ Rxa6 45.Rb2 Ra3 46.h3 Kg5 47.Rg2+ Kh5 48.Rg7 f5 49.Kf4 Ra1
50.Rg5+ Kh6 51.Rxf5  1-0

[Event "Dos Hermanas Internet KO"]
[Site "ICC INT"]
[Date "2005.03.27"]
[Round "5.5"]
[White "Fridman,D2"]
[Black "Bu Xiangzhi"]
[Result "1/2-1/2"]
[WhiteElo "2569"]
[BlackElo "2607"]

1.d4 Nf6 2.Nf3 e6 3.c4 d5 4.Nc3 c6 5.e3 Nbd7 6.Qc2 Bd6 7.b3 O-O 8.Be2 Qe7
9.O-O b6 10.Bb2 Bb7 11.Rad1 Rac8 12.Bd3 c5 13.cxd5 exd5 14.Qb1 c4 15.Bf5 a6
16.bxc4 Rxc4 17.Rc1 Rfc8 18.Ne2 Ne4 19.Ng3 b5 20.Rxc4 bxc4 21.Ba3 Rb8 22.Bxd6 Qxd6
23.Nxe4 dxe4 24.Bxe4 Bxe4 25.Qxe4 c3 26.h3 Nf6 27.Qd3 Nd5 28.Ne5 f6 29.Nf3 Qc6
30.Rc1 Re8 31.a3 Qa4 32.Ra1 Qc6 33.Rc1 Qa4 34.Ra1 Qc6 35.Rc1  1/2-1/2

[Event "Open"]
[Site "Coventry ENG"]
[Date "2005.03.28"]
[Round "9"]
[White "Bates,Ri"]
[Black "Ashton,A"]
[Result "1/2-1/2"]
[WhiteElo "2377"]
[BlackElo "2299"]

1.d4 d5 2.c4 e6 3.Nc3 c6 4.e3 Nf6 5.Nf3 Nbd7 6.Bd3 dxc4 7.Bxc4 b5 8.Bb3 b4
9.Ne2 Bd6 10.O-O O-O 11.Nf4 Bxf4 12.exf4 c5 13.Ne5 Bb7 14.Be3 Qe7 15.Rc1 cxd4
16.Qxd4 Nxe5 17.Qxe5 Ng4 18.Qc5 Qh4 19.h3 Nxe3 20.Qxe3 Qe7 21.Rfe1 Rfe8 22.f5 e5
23.Ba4 Red8 24.Qxe5 Qg5 25.Bc6 Bxc6 26.Rxc6 h6 27.Re3 Re8 28.Qxe8+ Rxe8 29.Rxe8+ Kh7
30.g4 Qd2 31.Rcc8 g5 32.fxg6+ Kxg6 33.Rg8+  1/2-1/2

[Event "Ettinger It"]
[Site "Givataim ISR"]
[Date "2005.03.28"]
[Round "7"]
[White "Gerzhoy,L"]
[Black "Kaganskiy,G"]
[Result "0-1"]
[WhiteElo "2381"]
[BlackElo "2297"]

1.Nf3 d5 2.d4 Nf6 3.c4 e6 4.Nc3 c6 5.e3 Nbd7 6.Bd3 dxc4 7.Bxc4 b5 8.Bd3 a6
9.e4 Bb7 10.e5 Nd5 11.Nxd5 cxd5 12.Ng5 Bb4+ 13.Kf1 Be7 14.h4 Qb6 15.Be3 f5
16.g4 h6 17.Nh3 O-O-O 18.Nf4 Nxe5 19.gxf5 Nxd3 20.Qxd3 exf5 21.Qxf5+ Kb8
22.Ng6 Rhe8 23.Qe5+ Bd6 24.Qxg7 h5 25.Rc1 b4 26.Rh3 Qb5+ 27.Kg1 Rg8 28.Qf6 Qe8  0-1